| 000 | 01250nam a2200385 a 4500 | ||
|---|---|---|---|
| 001 | 000002069 | ||
| 003 | DO-SdBPM | ||
| 005 | 20250318133539.0 | ||
| 007 | 000002069 | ||
| 008 | 090630s2007 mx b 000 0 spa d | ||
| 020 | _a9789707708693 | ||
| 040 |
_aDO-SdBPM _bspa _cBPMSU |
||
| 082 | 4 |
_a _bC545m 2007 _222 |
|
| 092 | _a | ||
| 100 | 1 | _aCho, Eun-Jeong. | |
| 245 | 1 | 0 |
_aMatemáticas ocultas en la arquitectura / _c autora Cho Eun-Jeong ; ilustradora Jeong Dong-Su ; traducción Alquimia Ediciones ; revisión |
| 260 |
_aMéxico : _b Altea, _c2007 |
||
| 300 |
_aVarias paginaciones : _bil, retratos ; _c30 cm. |
||
| 440 | 0 |
_aEspacio y forma, _v3 |
|
| 500 | _a | ||
| 590 | _aInventariado, 2025/VM | ||
| 650 | 4 |
_aEdificios _vLiteratura juvenil |
|
| 650 | 4 |
_a Arquitectura _xLiteratura juvenil |
|
| 650 | 4 |
_aMatemáticas _v _xEnseñanza primaria. |
|
| 650 | 4 | _aDISEÑO ARQUITECTÓNICO | |
| 650 | 4 | _aCAD/CAM (SISTEMAS) | |
| 700 | 1 |
_aJeong, Dong-Su, _eIlustración |
|
| 700 | 1 | _aJeong, Dong-Su, | |
| 700 | 1 |
_aTejada, Carlos, _eeditor |
|
| 700 | 1 |
_aMendiola, Gerardo, _eeditor |
|
| 700 | 1 |
_aFernández Guerrero, Norma _eeditor |
|
| 710 | _e | ||
| 910 | _aVMateo V. Control de calidad.d BPMSU | ||
| 942 |
_2ddc _cBK |
||
| 999 |
_c15012 _d15012 |
||